000 01008nam a2200253Ia 4500
001 18184
003 GE_BSU
008 181216s||||||||xx |||||||||||||| ||und||
020 _a978-99928-70-82-2
040 _cGE_BSU
080 _a821.353.1-82
100 _aმეგრელიშვილი, გრიგოლ
245 _aბედის მდინარე (მთის ნიავი)
245 _bპოეზია, ღვაწლი
245 _cშემდგ.:გრივერ ფარულავა, ზაურ მეძველაია. რედ.გრივერ ფარულავა. მხატვ. გოგი წერეთელი
250 _aI-ლი გამოცემა
260 _aთბილისი
260 _bწიგნის სახელოსნო
260 _c2009
300 _a334 გვ. : ფოტ. ; 20 სმ.
653 _aბედის მდინარე
653 _aპოეზია
942 _cBK
999 _c51224
_d51224